The Topkapi Palace (Record no. 678)

000 -LEADER
fixed length control field 00640nam a22002417a 4500
003 - CONTROL NUMBER IDENTIFIER
control field OSt
005 - DATE AND TIME OF LATEST TRANSACTION
control field 20210421065248.0
008 - FIXED-LENGTH DATA ELEMENTS--GENERAL INFORMATION
fixed length control field 201216s1996 ||||| |||| 00| 0 eng d
020 ## - INTERNATIONAL STANDARD BOOK NUMBER
International Standard Book Number 9754792348
040 ## - CATALOGING SOURCE
Original cataloging agency eng
Language of cataloging eng
Transcribing agency DLC
041 ## - LANGUAGE CODE
Language code of text/sound track or separate title eng
Language code of original tur
080 ## - UNIVERSAL DECIMAL CLASSIFICATION NUMBER
Universal Decimal Classification number 006.9
Item number T-95
100 ## - MAIN ENTRY--PERSONAL NAME
9 (RLIN) 515
Personal name Turkoglu, Sabahattin
245 ## - TITLE STATEMENT
Title The Topkapi Palace
Statement of responsibility, etc. / by: Net Turistik Yayinlar
250 ## - EDITION STATEMENT
Edition statement 1st edition
260 ## - PUBLICATION, DISTRIBUTION, ETC.
Place of publication, distribution, etc. Istanbul
Name of publisher, distributor, etc. Net Turistik Yayinlar
Date of publication, distribution, etc. 1996
300 ## - PHYSICAL DESCRIPTION
Extent 95 p.
Other physical details ill.
365 ## - TRADE PRICE
Price amount 12 usd
650 #0 - SUBJECT ADDED ENTRY--TOPICAL TERM
9 (RLIN) 516
Topical term or geographic name entry element Museum
653 ## - INDEX TERM--UNCONTROLLED
Uncontrolled term მუზეუმი
700 ## - ADDED ENTRY--PERSONAL NAME
9 (RLIN) 517
Personal name Eraslan, Nuket
Relator term Translator
942 ## - ADDED ENTRY ELEMENTS (KOHA)
Source of classification or shelving scheme
Koha item type Books
Edition 1
Holdings
Withdrawn status Lost status Source of classification or shelving scheme Damaged status Not for loan Permanent location Current location Date acquired Inventory number Total Checkouts Full call number Barcode Date last seen Price effective from Koha item type
          Ken Walker International University Ken Walker International University 12/16/2020 683   006.9 T-95 683 12/16/2020 12/16/2020 Books

Powered by Koha